000
00366nam a2200169Ia 4500
100
_a
Bhatia/M.L
250
_a
12
490
_v
2
942
_c
BK
654
_a
Electronics
245
_a
A Text book of Engineering Mathematics Vol 2
260
_b
Everest Pub.House
_a
Pune
_c
1997
082
_a
519
_b
BHA
300
_a
381
546
_a
ENGLISH
999
_c
29081
_d
29081